[Event "Chessable Masters - Torneo preliminare"]
[White "Talibov, Shiroghlan"]
[Black "Salem, A.R. Saleh"]
[WhiteFideId "13429078"]
[BlackFideId "9301348"]
[WhiteElo "2247"]
[BlackElo "2654"]
[Result "0-1"]
[Round "1"]
[TimeControl "600+2"]
[Date "2023.03.13"]
[WhiteClock "0:02:48"]
[BlackClock "0:00:08"]

1. e4 {[%clk 0:10:00]}  e5 {[%clk 0:09:36]} 2. Nf3 {[%clk 0:09:59]}  Nc6 {[%clk 0:09:36]} 3. Bb5 {[%clk 0:09:57]}  a6 {[%clk 0:09:23]} 4. Ba4 {[%clk 0:09:58]}  Nf6 {[%clk 0:09:24]} 5. Nc3 {[%clk 0:09:54]}  Be7 {[%clk 0:08:18]} 6. O-O {[%clk 0:09:49]}  b5 {[%clk 0:07:12]} 7. Bb3 {[%clk 0:09:49]}  d6 {[%clk 0:07:09]} 8. a4 {[%clk 0:09:12]}  b4 {[%clk 0:07:08]} 9. Nd5 {[%clk 0:09:12]}  Na5 {[%clk 0:06:53]} 10. Ba2 {[%clk 0:08:41]}  c5 {[%clk 0:05:46]} 11. d3 {[%clk 0:08:24]}  b3 {[%clk 0:05:29]} 12. Nxf6+ {[%clk 0:08:20]}  Bxf6 {[%clk 0:05:25]} 13. Bxb3 {[%clk 0:08:22]}  Nxb3 {[%clk 0:05:26]} 14. cxb3 {[%clk 0:08:23]}  O-O {[%clk 0:05:22]} 15. Be3 {[%clk 0:08:24]}  Be6 {[%clk 0:05:13]} 16. Nd2 {[%clk 0:08:23]}  Rb8 {[%clk 0:05:12]} 17. Rc1 {[%clk 0:08:21]}  Rb7 {[%clk 0:05:08]} 18. Rc3 {[%clk 0:08:17]}  g6 {[%clk 0:05:05]} 19. Nc4 {[%clk 0:08:07]}  Bg7 {[%clk 0:05:04]} 20. Qd2 {[%clk 0:07:57]}  Qb8 {[%clk 0:04:53]} 21. Na5 {[%clk 0:06:48]}  Rc7 {[%clk 0:04:54]} 22. Bh6 {[%clk 0:06:41]}  f5 {[%clk 0:03:44]} 23. Bxg7 {[%clk 0:06:35]}  Rxg7 {[%clk 0:03:45]} 24. Rcc1 {[%clk 0:05:39]}  Bxb3 {[%clk 0:03:00]} 25. Qc3 {[%clk 0:05:34]}  Be6 {[%clk 0:02:54]} 26. Rb1 {[%clk 0:05:34]}  f4 {[%clk 0:01:57]} 27. b4 {[%clk 0:05:26]}  f3 {[%clk 0:01:15]} 28. g3 {[%clk 0:05:12]}  Qc8 {[%clk 0:01:07]} 29. Nc4 {[%clk 0:04:59]}  Bxc4 {[%clk 0:00:59]} 30. Qxc4+ {[%clk 0:05:01]}  Kh8 {[%clk 0:01:00]} 31. Kh1 {[%clk 0:04:59]}  g5 {[%clk 0:00:54]} 32. g4 {[%clk 0:05:00]}  cxb4 {[%clk 0:00:39]} 33. Qxb4 {[%clk 0:04:23]}  Qxg4 {[%clk 0:00:39]} 34. Rg1 {[%clk 0:04:25]}  Qd7 {[%clk 0:00:33]} 35. d4 {[%clk 0:04:21]}  Re8 {[%clk 0:00:25]} 36. dxe5 {[%clk 0:04:17]}  dxe5 {[%clk 0:00:25]} 37. Rbd1 {[%clk 0:04:16]}  Qa7 {[%clk 0:00:24]} 38. Qa5 {[%clk 0:03:45]}  h6 {[%clk 0:00:16]} 39. Rd2 {[%clk 0:03:37]}  Qf7 {[%clk 0:00:12]} 40. Qxa6 {[%clk 0:03:29]}  Rg6 {[%clk 0:00:08]} 41. Rd6 {[%clk 0:03:28]}  Rxd6 {[%clk 0:00:08]} 42. Qxd6 {[%clk 0:03:30]}  Kg7 {[%clk 0:00:04]} 43. Rc1 {[%clk 0:03:29]}  Re6 {[%clk 0:00:04]} 44. Qd5 {[%clk 0:03:22]}  Re7 {[%clk 0:00:04]} 45. Qc5 {[%clk 0:03:01]}  Qe6 {[%clk 0:00:06]} 46. a5 {[%clk 0:02:59]}  Rd7 {[%clk 0:00:07]} 47. Qe3 {[%clk 0:02:54]}  Qg4 {[%clk 0:00:08]} 48. Rg1 {[%clk 0:02:48]}  Qxg1+ {[%clk 0:00:08]} 0-1


[Site "Internet"]

[Event "Chessable Masters - Torneo preliminare"]
[White "Fedoseev, Vladimir"]
[Black "Nigmatov, Ortik"]
[WhiteFideId "24130737"]
[BlackFideId "14202131"]
[WhiteElo "2752"]
[BlackElo "2344"]
[Result "1-0"]
[Round "1"]
[TimeControl "600+2"]
[Date "2023.03.13"]
[WhiteClock "0:06:12"]
[BlackClock "0:00:06"]

1. e4 {[%clk 0:09:59]}  e5 {[%clk 0:09:48]} 2. Nf3 {[%clk 0:09:59]}  Nc6 {[%clk 0:09:46]} 3. Bb5 {[%clk 0:09:59]}  a6 {[%clk 0:09:41]} 4. Ba4 {[%clk 0:10:00]}  Nf6 {[%clk 0:09:41]} 5. O-O {[%clk 0:10:01]}  b5 {[%clk 0:09:41]} 6. Bb3 {[%clk 0:10:01]}  Bc5 {[%clk 0:09:42]} 7. a4 {[%clk 0:09:59]}  Bb7 {[%clk 0:09:11]} 8. d3 {[%clk 0:09:53]}  d6 {[%clk 0:09:04]} 9. Nc3 {[%clk 0:09:28]}  b4 {[%clk 0:08:36]} 10. Ne2 {[%clk 0:09:13]}  Na5 {[%clk 0:08:33]} 11. Ba2 {[%clk 0:09:12]}  b3 {[%clk 0:08:08]} 12. cxb3 {[%clk 0:08:23]}  Nc6 {[%clk 0:08:05]} 13. Ng3 {[%clk 0:08:16]}  Bc8 {[%clk 0:07:46]} 14. Be3 {[%clk 0:07:55]}  Bxe3 {[%clk 0:07:39]} 15. fxe3 {[%clk 0:07:56]}  O-O {[%clk 0:07:34]} 16. Rc1 {[%clk 0:07:48]}  Nb4 {[%clk 0:07:32]} 17. Bb1 {[%clk 0:07:48]}  c5 {[%clk 0:05:03]} 18. h3 {[%clk 0:07:39]}  Re8 {[%clk 0:04:53]} 19. d4 {[%clk 0:07:33]}  cxd4 {[%clk 0:04:40]} 20. exd4 {[%clk 0:07:34]}  Qb6 {[%clk 0:04:41]} 21. Kh2 {[%clk 0:07:29]}  Bb7 {[%clk 0:04:34]} 22. d5 {[%clk 0:07:12]}  Nd7 {[%clk 0:03:23]} 23. Nd2 {[%clk 0:07:08]}  Rac8 {[%clk 0:01:34]} 24. Nc4 {[%clk 0:07:08]}  Rxc4 {[%clk 0:01:25]} 25. bxc4 {[%clk 0:06:56]}  Nf8 {[%clk 0:01:04]} 26. Qd2 {[%clk 0:06:46]}  a5 {[%clk 0:00:59]} 27. c5 {[%clk 0:06:38]}  dxc5 {[%clk 0:01:00]} 28. Qf2 {[%clk 0:06:39]}  Qg6 {[%clk 0:00:16]} 29. Qxc5 {[%clk 0:06:36]}  Ba6 {[%clk 0:00:16]} 30. Rfe1 {[%clk 0:06:13]}  h5 {[%clk 0:00:11]} 31. Qxa5 {[%clk 0:06:10]}  h4 {[%clk 0:00:06]} 32. Nf5 {[%clk 0:06:12]} 1-0


[Site "Internet"]

[Event "Chessable Masters - Torneo preliminare"]
[White "Preotu, Razvan"]
[Black "Praggnanandhaa, R"]
[WhiteFideId "2613280"]
[BlackFideId "25059530"]
[WhiteElo "2532"]
[BlackElo "2587"]
[Result "0-1"]
[Round "1"]
[TimeControl "600+2"]
[Date "2023.03.13"]
[WhiteClock "0:00:06"]
[BlackClock "0:02:23"]

1. e4 {[%clk 0:10:01]}  e5 {[%clk 0:09:56]} 2. Nf3 {[%clk 0:10:02]}  Nc6 {[%clk 0:09:57]} 3. Bc4 {[%clk 0:10:04]}  Bc5 {[%clk 0:09:57]} 4. c3 {[%clk 0:10:03]}  Nf6 {[%clk 0:09:58]} 5. d3 {[%clk 0:10:04]}  d6 {[%clk 0:09:58]} 6. O-O {[%clk 0:10:04]}  a6 {[%clk 0:09:58]} 7. a4 {[%clk 0:10:04]}  Ba7 {[%clk 0:09:59]} 8. Re1 {[%clk 0:10:02]}  O-O {[%clk 0:09:53]} 9. h3 {[%clk 0:10:01]}  Be6 {[%clk 0:09:48]} 10. Bxe6 {[%clk 0:10:01]}  fxe6 {[%clk 0:09:50]} 11. b4 {[%clk 0:10:02]}  Nh5 {[%clk 0:09:48]} 12. Be3 {[%clk 0:09:29]}  Nf4 {[%clk 0:09:46]} 13. Ra2 {[%clk 0:06:58]}  Qf6 {[%clk 0:09:40]} 14. Bxf4 {[%clk 0:06:59]}  Qxf4 {[%clk 0:09:40]} 15. Nbd2 {[%clk 0:06:56]}  g5 {[%clk 0:09:35]} 16. Nf1 {[%clk 0:06:50]}  g4 {[%clk 0:09:27]} 17. hxg4 {[%clk 0:06:51]}  Qxg4 {[%clk 0:09:29]} 18. b5 {[%clk 0:06:38]}  Ne7 {[%clk 0:09:23]} 19. d4 {[%clk 0:06:34]}  Qg7 {[%clk 0:08:51]} 20. Re3 {[%clk 0:04:58]}  Ng6 {[%clk 0:08:38]} 21. Ng5 {[%clk 0:04:06]}  exd4 {[%clk 0:07:09]} 22. cxd4 {[%clk 0:03:47]}  Qe7 {[%clk 0:06:11]} 23. Rg3 {[%clk 0:03:43]}  axb5 {[%clk 0:05:58]} 24. axb5 {[%clk 0:03:44]}  Bxd4 {[%clk 0:05:52]} 25. Rc2 {[%clk 0:02:28]}  Be5 {[%clk 0:05:42]} 26. Qh5 {[%clk 0:01:25]}  Bxg3 {[%clk 0:05:09]} 27. Nxg3 {[%clk 0:01:26]}  Ra1+ {[%clk 0:05:09]} 28. Kh2 {[%clk 0:01:27]}  Nf4 {[%clk 0:05:06]} 29. Qg4 {[%clk 0:01:25]}  Qg7 {[%clk 0:05:02]} 30. Rxc7 {[%clk 0:01:22]}  Qh6+ {[%clk 0:04:53]} 31. Nh3+ {[%clk 0:01:17]}  Kh8 {[%clk 0:04:47]} 32. Qg5 {[%clk 0:00:35]}  Qxg5 {[%clk 0:03:54]} 33. Nxg5 {[%clk 0:00:36]}  Rf6 {[%clk 0:03:40]} 34. Rxh7+ {[%clk 0:00:18]}  Kg8 {[%clk 0:03:40]} 35. Rxb7 {[%clk 0:00:20]}  Rh6+ {[%clk 0:03:34]} 36. Nh3 {[%clk 0:00:22]}  Nxh3 {[%clk 0:03:23]} 37. gxh3 {[%clk 0:00:23]}  Rf6 {[%clk 0:03:25]} 38. Kg2 {[%clk 0:00:23]}  Ra2 {[%clk 0:03:25]} 39. Nh1 {[%clk 0:00:23]}  Rb2 {[%clk 0:03:23]} 40. b6 {[%clk 0:00:23]}  e5 {[%clk 0:03:16]} 41. h4 {[%clk 0:00:13]}  Rf4 {[%clk 0:03:09]} 42. Ng3 {[%clk 0:00:14]}  Rfxf2+ {[%clk 0:02:47]} 43. Kh3 {[%clk 0:00:15]}  Rb3 {[%clk 0:02:48]} 44. Kg4 {[%clk 0:00:05]}  Rf4+ {[%clk 0:02:48]} 45. Kh5 {[%clk 0:00:06]}  Rxg3 {[%clk 0:02:46]} 46. Rc7 {[%clk 0:00:07]}  Rg7 {[%clk 0:02:23]} 47. b7 {[%clk 0:00:06]}  Rf8 {[%clk 0:02:23]} 0-1


[Site "Internet"]

[Event "Chessable Masters - Torneo preliminare"]
[White "Bortnyk, Olexandr"]
[Black "Aditya, Mittal"]
[WhiteFideId "14120828"]
[BlackFideId "35042025"]
[WhiteElo "2643"]
[BlackElo "2386"]
[Result "0-1"]
[Round "1"]
[TimeControl "600+2"]
[Date "2023.03.13"]
[WhiteClock "0:00:02"]
[BlackClock "0:01:10"]

1. e4 {[%clk 0:09:58]}  e5 {[%clk 0:10:00]} 2. Nf3 {[%clk 0:09:58]}  Nc6 {[%clk 0:10:02]} 3. Bb5 {[%clk 0:09:58]}  Nf6 {[%clk 0:10:04]} 4. Nc3 {[%clk 0:09:51]}  Nd4 {[%clk 0:10:03]} 5. Ba4 {[%clk 0:09:51]}  c6 {[%clk 0:09:06]} 6. d3 {[%clk 0:09:32]}  b5 {[%clk 0:08:34]} 7. Bb3 {[%clk 0:09:33]}  Nxb3 {[%clk 0:08:35]} 8. axb3 {[%clk 0:09:35]}  d6 {[%clk 0:08:32]} 9. h3 {[%clk 0:09:31]}  Be7 {[%clk 0:08:33]} 10. O-O {[%clk 0:09:19]}  O-O {[%clk 0:08:34]} 11. Re1 {[%clk 0:09:17]}  Re8 {[%clk 0:08:22]} 12. Bg5 {[%clk 0:08:18]}  a5 {[%clk 0:08:14]} 13. d4 {[%clk 0:07:41]}  Qc7 {[%clk 0:07:45]} 14. Qd3 {[%clk 0:06:02]}  Bb7 {[%clk 0:07:16]} 15. Rad1 {[%clk 0:05:49]}  Rad8 {[%clk 0:06:57]} 16. dxe5 {[%clk 0:05:31]}  dxe5 {[%clk 0:06:56]} 17. Qe3 {[%clk 0:05:32]}  h6 {[%clk 0:06:07]} 18. Bh4 {[%clk 0:05:17]}  Nd7 {[%clk 0:05:24]} 19. Bxe7 {[%clk 0:05:13]}  Rxe7 {[%clk 0:05:26]} 20. Rd3 {[%clk 0:05:02]}  Nf8 {[%clk 0:05:10]} 21. Rxd8 {[%clk 0:04:52]}  Qxd8 {[%clk 0:05:12]} 22. Rd1 {[%clk 0:04:53]}  Qc7 {[%clk 0:05:13]} 23. Qc5 {[%clk 0:04:47]}  f6 {[%clk 0:04:54]} 24. Qa7 {[%clk 0:03:59]}  Ne6 {[%clk 0:04:19]} 25. Ra1 {[%clk 0:03:57]}  b4 {[%clk 0:04:19]} 26. Ne2 {[%clk 0:03:50]}  c5 {[%clk 0:04:18]} 27. Ng3 {[%clk 0:03:45]}  Re8 {[%clk 0:04:08]} 28. Qxa5 {[%clk 0:02:57]}  Ra8 {[%clk 0:04:08]} 29. Qxa8+ {[%clk 0:02:57]}  Bxa8 {[%clk 0:04:10]} 30. Rxa8+ {[%clk 0:02:58]}  Kh7 {[%clk 0:04:12]} 31. h4 {[%clk 0:02:49]}  Nd4 {[%clk 0:04:12]} 32. h5 {[%clk 0:02:48]}  Qb7 {[%clk 0:03:46]} 33. Rf8 {[%clk 0:02:47]}  Ne6 {[%clk 0:03:18]} 34. Re8 {[%clk 0:02:47]}  Qf7 {[%clk 0:03:09]} 35. Rc8 {[%clk 0:02:43]}  Qd7 {[%clk 0:03:08]} 36. Ra8 {[%clk 0:02:44]}  Qd1+ {[%clk 0:02:55]} 37. Kh2 {[%clk 0:02:45]}  Nf4 {[%clk 0:02:57]} 38. Ra7 {[%clk 0:01:54]}  Qxc2 {[%clk 0:02:54]} 39. Nh4 {[%clk 0:01:52]}  Qxf2 {[%clk 0:02:48]} 40. Rc7 {[%clk 0:01:48]}  Nxh5 {[%clk 0:02:37]} 41. Nhf5 {[%clk 0:00:58]}  Qf4 {[%clk 0:02:33]} 42. Kh3 {[%clk 0:00:46]}  Nxg3 {[%clk 0:02:00]} 43. Rxg7+ {[%clk 0:00:40]}  Kh8 {[%clk 0:02:01]} 44. Rxg3 {[%clk 0:00:41]}  Qxe4 {[%clk 0:01:42]} 45. Rf3 {[%clk 0:00:27]}  h5 {[%clk 0:01:39]} 46. Nd6 {[%clk 0:00:15]}  Qd4 {[%clk 0:01:33]} 47. Nc4 {[%clk 0:00:07]}  Qg4+ {[%clk 0:01:33]} 48. Kh2 {[%clk 0:00:08]}  e4 {[%clk 0:01:27]} 49. Rh3 {[%clk 0:00:09]}  h4 {[%clk 0:01:23]} 50. g3 {[%clk 0:00:07]}  Kg7 {[%clk 0:01:09]} 51. Rxh4 {[%clk 0:00:08]}  Qe2+ {[%clk 0:01:11]} 52. Kg1 {[%clk 0:00:09]}  e3 {[%clk 0:01:09]} 53. Rf4 {[%clk 0:00:02]}  Qd1+ {[%clk 0:01:10]} 54. Kg2 {[%clk 0:00:02]}  e2 {[%clk 0:01:10]} 0-1


[Site "Internet"]

[Event "Chessable Masters - Torneo preliminare"]
[White "Harikrishna, Pentala"]
[Black "Sadhwani, Raunak"]
[WhiteFideId "5007003"]
[BlackFideId "35093487"]
[WhiteElo "2627"]
[BlackElo "2550"]
[Result "0-1"]
[Round "1"]
[TimeControl "600+2"]
[Date "2023.03.13"]
[WhiteClock "0:00:04"]
[BlackClock "0:00:18"]

1. Nf3 {[%clk 0:09:35]}  d5 {[%clk 0:09:51]} 2. g3 {[%clk 0:09:36]}  Nc6 {[%clk 0:09:50]} 3. d4 {[%clk 0:09:34]}  Bf5 {[%clk 0:09:52]} 4. Bg2 {[%clk 0:09:10]}  Nb4 {[%clk 0:09:53]} 5. Na3 {[%clk 0:08:56]}  e6 {[%clk 0:09:54]} 6. O-O {[%clk 0:08:56]}  Be7 {[%clk 0:09:54]} 7. Ne1 {[%clk 0:08:05]}  Nf6 {[%clk 0:09:39]} 8. c3 {[%clk 0:08:02]}  Nc6 {[%clk 0:09:35]} 9. Nac2 {[%clk 0:07:54]}  h6 {[%clk 0:09:07]} 10. Nd3 {[%clk 0:07:31]}  O-O {[%clk 0:09:06]} 11. Re1 {[%clk 0:07:22]}  Bh7 {[%clk 0:07:46]} 12. b3 {[%clk 0:07:17]}  a5 {[%clk 0:06:59]} 13. a4 {[%clk 0:07:14]}  Bd6 {[%clk 0:06:02]} 14. Na3 {[%clk 0:06:43]}  e5 {[%clk 0:05:25]} 15. dxe5 {[%clk 0:05:23]}  Bxe5 {[%clk 0:05:27]} 16. Nb5 {[%clk 0:05:08]}  Re8 {[%clk 0:05:19]} 17. Bb2 {[%clk 0:04:36]}  Ne4 {[%clk 0:05:04]} 18. Nxe5 {[%clk 0:03:26]}  Nxe5 {[%clk 0:05:06]} 19. f3 {[%clk 0:03:23]}  Nf6 {[%clk 0:04:46]} 20. c4 {[%clk 0:02:52]}  c6 {[%clk 0:04:40]} 21. Na3 {[%clk 0:02:53]}  Qe7 {[%clk 0:03:14]} 22. cxd5 {[%clk 0:02:49]}  Nxd5 {[%clk 0:03:08]} 23. Qd4 {[%clk 0:02:28]}  f6 {[%clk 0:03:05]} 24. f4 {[%clk 0:01:54]}  Nf7 {[%clk 0:02:43]} 25. e4 {[%clk 0:01:37]}  Nb4 {[%clk 0:02:45]} 26. Re2 {[%clk 0:01:18]}  Rad8 {[%clk 0:02:29]} 27. Qb6 {[%clk 0:01:16]}  Nd3 {[%clk 0:02:18]} 28. Bc3 {[%clk 0:01:15]}  Qc5+ {[%clk 0:02:02]} 29. Qxc5 {[%clk 0:01:15]}  Nxc5 {[%clk 0:02:04]} 30. Bxa5 {[%clk 0:01:12]}  Rd3 {[%clk 0:01:30]} 31. Bb6 {[%clk 0:01:13]}  Nxe4 {[%clk 0:00:58]} 32. b4 {[%clk 0:00:49]}  Nfd6 {[%clk 0:00:58]} 33. b5 {[%clk 0:00:26]}  c5 {[%clk 0:00:35]} 34. a5 {[%clk 0:00:13]}  Ra8 {[%clk 0:00:12]} 35. Bc7 {[%clk 0:00:08]}  Rc8 {[%clk 0:00:06]} 36. b6 {[%clk 0:00:09]}  Kf7 {[%clk 0:00:05]} 37. a6 {[%clk 0:00:09]}  bxa6 {[%clk 0:00:05]} 38. Bxe4 {[%clk 0:00:10]}  Bxe4 {[%clk 0:00:05]} 39. Bxd6 {[%clk 0:00:09]}  Bd5 {[%clk 0:00:06]} 40. Re7+ {[%clk 0:00:09]}  Kg6 {[%clk 0:00:08]} 41. b7 {[%clk 0:00:10]}  Bxb7 {[%clk 0:00:09]} 42. Rxb7 {[%clk 0:00:12]}  Rxd6 {[%clk 0:00:11]} 43. Nc4 {[%clk 0:00:14]}  Rd4 {[%clk 0:00:12]} 44. Ne3 {[%clk 0:00:14]}  Re8 {[%clk 0:00:13]} 45. Ra3 {[%clk 0:00:14]}  Rd2 {[%clk 0:00:14]} 46. f5+ {[%clk 0:00:14]}  Kh7 {[%clk 0:00:15]} 47. h4 {[%clk 0:00:07]}  c4 {[%clk 0:00:15]} 48. Rc3 {[%clk 0:00:08]}  h5 {[%clk 0:00:15]} 49. Kf1 {[%clk 0:00:09]}  Re5 {[%clk 0:00:12]} 50. Nxc4 {[%clk 0:00:06]}  Rxf5+ {[%clk 0:00:13]} 51. Ke1 {[%clk 0:00:07]}  Rg2 {[%clk 0:00:12]} 52. Nd2 {[%clk 0:00:04]}  Re5+ {[%clk 0:00:12]} 53. Kd1 {[%clk 0:00:05]}  Rd5 {[%clk 0:00:13]} 54. Rb2 {[%clk 0:00:06]}  a5 {[%clk 0:00:14]} 55. Kc1 {[%clk 0:00:07]}  Rg1+ {[%clk 0:00:15]} 56. Kc2 {[%clk 0:00:08]}  Rg2 {[%clk 0:00:17]} 57. Kc1 {[%clk 0:00:08]}  Rg1+ {[%clk 0:00:17]} 58. Kc2 {[%clk 0:00:10]}  a4 {[%clk 0:00:11]} 59. Ne4 {[%clk 0:00:08]}  Rg2+ {[%clk 0:00:13]} 60. Kb1 {[%clk 0:00:09]}  Rg1+ {[%clk 0:00:14]} 61. Ka2 {[%clk 0:00:10]}  Rd4 {[%clk 0:00:15]} 62. Nc5 {[%clk 0:00:07]}  Rg4 {[%clk 0:00:16]} 63. Nxa4 {[%clk 0:00:05]}  Rxa4+ {[%clk 0:00:16]} 64. Kb3 {[%clk 0:00:04]}  Rg4 {[%clk 0:00:18]} 0-1


[Site "Internet"]

[Event "Chessable Masters - Torneo preliminare"]
[White "Dubov, Daniil"]
[Black "Shyam, Sundar M."]
[WhiteFideId "24126055"]
[BlackFideId "5019141"]
[WhiteElo "2727"]
[BlackElo "2464"]
[Result "0-1"]
[Round "1"]
[TimeControl "600+2"]
[Date "2023.03.13"]
[WhiteClock "0:00:03"]
[BlackClock "0:00:11"]

1. d4 {[%clk 0:09:59]}  Nf6 {[%clk 0:09:57]} 2. c4 {[%clk 0:09:58]}  g6 {[%clk 0:09:56]} 3. g3 {[%clk 0:09:46]}  c5 {[%clk 0:09:41]} 4. dxc5 {[%clk 0:09:25]}  Na6 {[%clk 0:09:22]} 5. Bg2 {[%clk 0:09:11]}  Nxc5 {[%clk 0:09:17]} 6. Nc3 {[%clk 0:09:09]}  Bg7 {[%clk 0:09:12]} 7. Nh3 {[%clk 0:08:57]}  d6 {[%clk 0:08:51]} 8. Nf4 {[%clk 0:08:55]}  h5 {[%clk 0:07:48]} 9. Be3 {[%clk 0:08:31]}  O-O {[%clk 0:05:26]} 10. O-O {[%clk 0:08:16]}  h4 {[%clk 0:05:17]} 11. gxh4 {[%clk 0:07:27]}  Ng4 {[%clk 0:05:16]} 12. Bxc5 {[%clk 0:07:01]}  dxc5 {[%clk 0:05:18]} 13. Qxd8 {[%clk 0:04:53]}  Rxd8 {[%clk 0:05:18]} 14. Rad1 {[%clk 0:04:20]}  Bf5 {[%clk 0:04:22]} 15. Bxb7 {[%clk 0:01:19]}  Rxd1 {[%clk 0:04:19]} 16. Rxd1 {[%clk 0:00:59]}  Rb8 {[%clk 0:04:20]} 17. Be4 {[%clk 0:00:32]}  Rxb2 {[%clk 0:03:57]} 18. Bxf5 {[%clk 0:00:15]}  gxf5 {[%clk 0:03:59]} 19. Na4 {[%clk 0:00:12]}  Rxa2 {[%clk 0:01:24]} 20. Nxc5 {[%clk 0:00:13]}  a5 {[%clk 0:01:25]} 21. Ncd3 {[%clk 0:00:07]}  a4 {[%clk 0:01:19]} 22. c5 {[%clk 0:00:05]}  a3 {[%clk 0:01:07]} 23. Rc1 {[%clk 0:00:05]}  Bb2 {[%clk 0:00:17]} 24. c6 {[%clk 0:00:04]}  Bxc1 {[%clk 0:00:18]} 25. c7 {[%clk 0:00:05]}  Rc2 {[%clk 0:00:19]} 26. Nd5 {[%clk 0:00:06]}  a2 {[%clk 0:00:18]} 27. N3b4 {[%clk 0:00:07]}  Rxc7 {[%clk 0:00:14]} 28. Nxa2 {[%clk 0:00:06]}  Rc5 {[%clk 0:00:11]} 29. Ndb4 {[%clk 0:00:04]}  Ba3 {[%clk 0:00:11]} 30. h3 {[%clk 0:00:03]}  Bxb4 {[%clk 0:00:11]} 31. hxg4 {[%clk 0:00:03]} 0-1


[Site "Internet"]

[Event "Chessable Masters - Torneo preliminare"]
[White "Lobanov, Sergei"]
[Black "Le, Quang Liem"]
[WhiteFideId "24183750"]
[BlackFideId "12401137"]
[WhiteElo "2436"]
[BlackElo "2661"]
[Result "0-1"]
[Round "1"]
[TimeControl "600+2"]
[Date "2023.03.13"]
[WhiteClock "0:00:05"]
[BlackClock "0:00:30"]

1. d4 {[%clk 0:09:55]}  Nf6 {[%clk 0:10:00]} 2. c4 {[%clk 0:09:56]}  e6 {[%clk 0:10:01]} 3. Nc3 {[%clk 0:09:56]}  Bb4 {[%clk 0:10:01]} 4. e3 {[%clk 0:09:57]}  c5 {[%clk 0:09:59]} 5. Bd3 {[%clk 0:09:58]}  O-O {[%clk 0:09:57]} 6. Ne2 {[%clk 0:09:55]}  d5 {[%clk 0:09:56]} 7. cxd5 {[%clk 0:09:42]}  exd5 {[%clk 0:09:58]} 8. a3 {[%clk 0:09:44]}  Bxc3+ {[%clk 0:09:34]} 9. bxc3 {[%clk 0:09:37]}  Nc6 {[%clk 0:09:25]} 10. O-O {[%clk 0:09:34]}  Re8 {[%clk 0:09:26]} 11. f3 {[%clk 0:09:34]}  Be6 {[%clk 0:09:11]} 12. g4 {[%clk 0:09:15]}  Rc8 {[%clk 0:09:08]} 13. Ra2 {[%clk 0:08:51]}  Na5 {[%clk 0:08:51]} 14. Ng3 {[%clk 0:08:26]}  cxd4 {[%clk 0:08:44]} 15. cxd4 {[%clk 0:08:27]}  Nc4 {[%clk 0:08:44]} 16. h4 {[%clk 0:08:17]}  Nd7 {[%clk 0:08:31]} 17. g5 {[%clk 0:08:08]}  Nf8 {[%clk 0:08:24]} 18. f4 {[%clk 0:07:09]}  Bd7 {[%clk 0:08:10]} 19. Qf3 {[%clk 0:06:37]}  Nd6 {[%clk 0:08:11]} 20. f5 {[%clk 0:06:01]}  Rc3 {[%clk 0:08:11]} 21. Bb1 {[%clk 0:05:37]}  Nc4 {[%clk 0:06:15]} 22. Ne2 {[%clk 0:05:18]}  Rb3 {[%clk 0:05:46]} 23. Bc2 {[%clk 0:05:18]}  Rbxe3 {[%clk 0:05:45]} 24. Bxe3 {[%clk 0:05:19]}  Nxe3 {[%clk 0:05:43]} 25. Rb1 {[%clk 0:05:02]}  h6 {[%clk 0:05:20]} 26. f6 {[%clk 0:03:20]}  Bg4 {[%clk 0:03:51]} 27. Qf2 {[%clk 0:03:20]}  hxg5 {[%clk 0:03:21]} 28. fxg7 {[%clk 0:02:06]}  Nd7 {[%clk 0:03:22]} 29. Bd3 {[%clk 0:01:26]}  gxh4 {[%clk 0:03:15]} 30. Kh1 {[%clk 0:01:02]}  Qf6 {[%clk 0:03:00]} 31. Qxf6 {[%clk 0:00:57]}  Nxf6 {[%clk 0:03:02]} 32. Rxb7 {[%clk 0:00:57]}  Bf3+ {[%clk 0:02:53]} 33. Kg1 {[%clk 0:00:54]}  Neg4 {[%clk 0:02:24]} 34. Rb1 {[%clk 0:00:30]}  h3 {[%clk 0:01:59]} 35. Nf4 {[%clk 0:00:31]}  Re3 {[%clk 0:01:58]} 36. Rf1 {[%clk 0:00:21]}  Kxg7 {[%clk 0:01:43]} 37. Rd2 {[%clk 0:00:19]}  h2+ {[%clk 0:01:42]} 38. Rxh2 {[%clk 0:00:20]}  Nxh2 {[%clk 0:01:43]} 39. Kxh2 {[%clk 0:00:22]}  Be4 {[%clk 0:01:33]} 40. Bxe4 {[%clk 0:00:09]}  dxe4 {[%clk 0:01:34]} 41. d5 {[%clk 0:00:08]}  Rxa3 {[%clk 0:01:33]} 42. d6 {[%clk 0:00:09]}  Ra2+ {[%clk 0:01:31]} 43. Kg3 {[%clk 0:00:10]}  Rd2 {[%clk 0:01:31]} 44. Ra1 {[%clk 0:00:08]}  Rxd6 {[%clk 0:01:31]} 45. Rxa7 {[%clk 0:00:09]}  Rd7 {[%clk 0:01:14]} 46. Ra5 {[%clk 0:00:07]}  Re7 {[%clk 0:01:12]} 47. Rg5+ {[%clk 0:00:08]}  Kf8 {[%clk 0:01:13]} 48. Rf5 {[%clk 0:00:10]}  Kg7 {[%clk 0:01:06]} 49. Rg5+ {[%clk 0:00:11]}  Kh6 {[%clk 0:01:07]} 50. Rf5 {[%clk 0:00:12]}  Nh7 {[%clk 0:01:01]} 51. Kf2 {[%clk 0:00:12]}  f6 {[%clk 0:00:57]} 52. Ke3 {[%clk 0:00:12]}  Kg7 {[%clk 0:00:58]} 53. Nd5 {[%clk 0:00:09]}  Re6 {[%clk 0:00:57]} 54. Nf4 {[%clk 0:00:10]}  Re8 {[%clk 0:00:57]} 55. Ra5 {[%clk 0:00:08]}  Ng5 {[%clk 0:00:49]} 56. Ra7+ {[%clk 0:00:09]}  Kh6 {[%clk 0:00:50]} 57. Ra6 {[%clk 0:00:11]}  Nh7 {[%clk 0:00:44]} 58. Ra4 {[%clk 0:00:07]}  f5 {[%clk 0:00:29]} 59. Ra6+ {[%clk 0:00:08]}  Kg7 {[%clk 0:00:31]} 60. Ra7+ {[%clk 0:00:08]}  Kg8 {[%clk 0:00:30]} 61. Nh5 {[%clk 0:00:06]}  Rf8 {[%clk 0:00:27]} 62. Rg7+ {[%clk 0:00:04]}  Kh8 {[%clk 0:00:28]} 63. Re7 {[%clk 0:00:06]}  Nf6 {[%clk 0:00:27]} 64. Nf4 {[%clk 0:00:06]}  Kg8 {[%clk 0:00:27]} 65. Ne6 {[%clk 0:00:04]}  Nd5+ {[%clk 0:00:28]} 66. Kd4 {[%clk 0:00:05]}  Nxe7 {[%clk 0:00:30]} 0-1


[Site "Internet"]

[Event "Chessable Masters - Torneo preliminare"]
[White "Santos Ruiz, Miguel"]
[Black "Vallejo Pons, Francisco"]
[WhiteFideId "22291482"]
[BlackFideId "2205530"]
[WhiteElo "2491"]
[BlackElo "2662"]
[Result "1/2-1/2"]
[Round "1"]
[TimeControl "600+2"]
[Date "2023.03.13"]
[WhiteClock "0:06:34"]
[BlackClock "0:07:31"]

1. e4 {[%clk 0:10:00]}  c5 {[%clk 0:09:58]} 2. Nf3 {[%clk 0:10:00]}  a6 {[%clk 0:09:59]} 3. c3 {[%clk 0:09:51]}  e6 {[%clk 0:09:59]} 4. d4 {[%clk 0:09:51]}  d5 {[%clk 0:10:00]} 5. e5 {[%clk 0:09:41]}  Nc6 {[%clk 0:09:57]} 6. Bd3 {[%clk 0:09:39]}  Qb6 {[%clk 0:09:55]} 7. O-O {[%clk 0:09:38]}  cxd4 {[%clk 0:09:17]} 8. cxd4 {[%clk 0:09:38]}  Bd7 {[%clk 0:09:19]} 9. Bc2 {[%clk 0:06:55]}  Nb4 {[%clk 0:09:11]} 10. Ba4 {[%clk 0:06:46]}  Bxa4 {[%clk 0:08:49]} 11. Qxa4+ {[%clk 0:06:48]}  Qc6 {[%clk 0:08:41]} 12. Nc3 {[%clk 0:06:33]}  Qxa4 {[%clk 0:07:42]} 13. Nxa4 {[%clk 0:06:34]}  Ne7 {[%clk 0:07:31]} 1/2-1/2


[Site "Internet"]